[Event "Alberta-ch Seniors"]
[Site "Edmonton"]
[Date "2015.04.26"]
[Round "4"]
[White "Aspler, Gerald"]
[Black "Willis, Bradley"]
[Result "1-0"]
[WhiteElo "1771"]
[BlackElo "1978"]
[PlyCount "61"]
[EventDate "2015.04.25"]
[EventType "swiss"]
[EventRounds "5"]
[EventCountry "CAN"]
[SourceTitle "EXT 2017"]
[Source "ChessBase"]
[SourceDate "2016.10.25"]
[SourceVersion "1"]
[SourceVersionDate "2016.10.25"]
[SourceQuality "1"]

1. d4 f5 2. Bf4 Nf6 3. e3 e6 4. Bd3 b6 5. Nf3 Bb7 6. Nbd2 Be7 7. Qe2 Ne4 8. h4 Nxd2 9. Nxd2 0-0 10. Nf3 Bd6 11. 0-0-0 Qe8 12. h5 Be4 13. Bxe4 fxe4 14. Ne5 Nc6 15. f3 Bxe5 16. dxe5 exf3 17. gxf3 Rf5 18. h6 g6 19. Qd3 Rd8 20. Rhg1 Qe7 21. Qe4 Qb4 22. Qxb4 Nxb4 23. Bg5 Rdf8 24. Rxd7 R8f7 25. Rd8+ Rf8 26. Rxf8+ Kxf8 27. f4 Rf7 28. Rd1 Nc6 29. b4 Kg8 30. b5 Na5 31. Rd8+ 1-0

[Event "Alberta-ch Seniors"]
[Site "Edmonton"]
[Date "2015.04.25"]
[Round "2"]
[White "Purewal, Sardul"]
[Black "Willis, Bradley"]
[Result "1/2-1/2"]
[WhiteElo "2005"]
[BlackElo "1978"]
[PlyCount "67"]
[EventDate "2015.04.25"]
[EventType "swiss"]
[EventRounds "5"]
[EventCountry "CAN"]
[SourceTitle "EXT 2017"]
[Source "ChessBase"]
[SourceDate "2016.10.25"]
[SourceVersion "1"]
[SourceVersionDate "2016.10.25"]
[SourceQuality "1"]

1. d4 f5 2. g3 Nf6 3. Nf3 e6 4. c4 Bb4+ 5. Bd2 a5 6. Nc3 0-0 7. Bg2 d6 8. a3 Bxc3 9. Bxc3 Ne4 10. e3 Nd7 11. Nd2 Nxc3 12. bxc3 Qe8 13. Rb1 Rb8 14. Qa4 b6 15. 0-0 Bb7 16. Bxb7 Rxb7 17. Qc6 Ra7 18. a4 Nf6 19. Qxe8 Rxe8 20. Rb5 Nd7 21. Rb2 e5 22. Rfb1 Raa8 23. Re1 Re7 24. Rbb1 Rae8 25. Kf1 g5 26. Nb3 c5 27. d5 e4 28. Nd2 g4 29. Kg2 Kg7 30. h4 gxh3+ 31. Kxh3 h5 32. Kg2 Kf6 33. Rh1 Rh7 34. Rh4 1/2-1/2

[Event "Alberta-ch Seniors"]
[Site "Edmonton"]
[Date "2015.04.25"]
[Round "3"]
[White "Willis, Bradley"]
[Black "Relling, Leonard"]
[Result "0-1"]
[WhiteElo "1978"]
[BlackElo "1309"]
[PlyCount "88"]
[EventDate "2015.04.25"]
[EventType "swiss"]
[EventRounds "5"]
[EventCountry "CAN"]
[SourceTitle "EXT 2017"]
[Source "ChessBase"]
[SourceDate "2016.10.25"]
[SourceVersion "1"]
[SourceVersionDate "2016.10.25"]
[SourceQuality "1"]

1. e4 g6 2. d4 Bg7 3. Nc3 d6 4. f4 a6 5. Nf3 Nd7 6. a4 c6 7. Be3 Ngf6 8. Bd3 h6 9. 0-0 Qc7 10. Qe1 Nf8 11. h3 Bd7 12. g4 h5 13. g5 N6h7 14. f5 gxf5 15. exf5 0-0-0 16. h4 Rg8 17. Kh1 d5 18. Qf2 Bh8 19. Ne5 Be8 20. Bf4 Rd6 21. Nf3 Kb8 22. Qg3 Nd7 23. Qh2 f6 24. Bxd6 exd6 25. g6 Nhf8 26. Rfe1 Ne5 27. dxe5 fxe5 28. Ng5 e4 29. Bf1 Be5 30. Qf2 Bf6 31. a5 Rg7 32. Ne2 c5 33. c3 Re7 34. Nf4 Bc6 35. Nfe6 Nxe6 36. Nxe6 Qc8 37. Bg2 Rxe6 38. fxe6 Qxe6 39. Qf4 Be5 40. Qg5 Bf6 41. Qxh5 e3 42. Rad1 c4 43. Rxd5 Be5 44. Rxe5 Qh3+ 0-1

[Event "Edmonton Reserves"]
[Site "Edmonton"]
[Date "2014.06.28"]
[Round "3"]
[White "Smith, Kevin"]
[Black "Willis, Bradley"]
[Result "0-1"]
[WhiteElo "1753"]
[BlackElo "2042"]
[PlyCount "50"]
[EventDate "2014.06.28"]
[EventType "swiss"]
[EventRounds "5"]
[EventCountry "CAN"]
[SourceTitle "EXT 2022"]
[Source "ChessBase"]
[SourceDate "2021.10.06"]
[SourceVersion "1"]
[SourceVersionDate "2021.10.06"]
[SourceQuality "1"]

1. e4 e5 2. Nf3 Nc6 3. Bb5 a6 4. Ba4 Nf6 5. 0-0 Be7 6. Re1 b5 7. Bb3 0-0 8. d3 d6 9. h3 Na5 10. c3 Nxb3 11. axb3 h6 12. Nbd2 Re8 13. Nf1 Bf8 14. Ng3 d5 15. exd5 Qxd5 16. c4 bxc4 17. bxc4 Qd6 18. b3 Bb7 19. Bb2 e4 20. dxe4 Nxe4 21. Nf5 Qf4 22. N5d4 Rad8 23. Qc2 c5 24. Ne2 Qf5 25. g4 Qxf3 0-1

[Event "Keres Memorial 36th"]
[Site "Vancouver"]
[Date "2011.05.22"]
[Round "5"]
[White "Willis, Bradley"]
[Black "Lai, Jingzhou"]
[Result "1/2-1/2"]
[WhiteElo "2038"]
[BlackElo "2027"]
[PlyCount "66"]
[EventDate "2011.05.20"]
[EventType "swiss"]
[EventRounds "7"]
[EventCountry "CAN"]
[SourceTitle "CBM 142 Extra"]
[Source "ChessBase"]
[SourceDate "2011.06.27"]
[SourceVersion "1"]
[SourceVersionDate "2011.06.27"]
[SourceQuality "1"]

1. Nf3 Nf6 2. c4 c5 3. g3 g6 4. b3 b6 5. Bg2 Bb7 6. Bb2 Bg7 7. 0-0 0-0 8. d3 d6 9. e3 e6 10. Nc3 Nc6 11. Qe2 Qe7 12. Ne1 Rad8 13. f4 d5 14. Nd1 Rfe8 15. Nf3 Nh5 16. g4 Nf6 17. Nf2 d4 18. e4 Nd7 19. Rae1 f6 20. Bc1 e5 21. f5 g5 22. h4 h6 23. Nh3 Nf8 24. Kf2 Nh7 25. Rh1 Kf7 26. Rh2 Rh8 27. Reh1 Rdg8 28. Ke1 Ke8 29. Nf2 Nf8 30. Rh3 Nd8 31. R1h2 Nf7 32. Qf1 Nd7 33. Qh1 Qf8 1/2-1/2

[Event "Keres Memorial 36th"]
[Site "Vancouver"]
[Date "2011.05.21"]
[Round "3"]
[White "Willis, Bradley"]
[Black "Pokora, Lubomir"]
[Result "1/2-1/2"]
[WhiteElo "2038"]
[BlackElo "1930"]
[PlyCount "32"]
[EventDate "2011.05.20"]
[EventType "swiss"]
[EventRounds "7"]
[EventCountry "CAN"]
[SourceTitle "CBM 142 Extra"]
[Source "ChessBase"]
[SourceDate "2011.06.27"]
[SourceVersion "1"]
[SourceVersionDate "2011.06.27"]
[SourceQuality "1"]

1. f4 Nf6 2. Nf3 g6 3. e3 d6 4. Be2 Bg7 5. 0-0 c5 6. Nc3 Nc6 7. d3 0-0 8. Qe1 Rb8 9. a4 a6 10. Qh4 Bd7 11. e4 Ne8 12. f5 e6 13. Bg5 f6 14. fxg6 hxg6 15. Bh6 Qe7 16. Bxg7 Qxg7 1/2-1/2

[Event "Reykjavik op"]
[Site "Reykjavik"]
[Date "2011.03.14"]
[Round "7"]
[White "Thorhallsson, Gylfi"]
[Black "Willis, Bradley"]
[Result "1-0"]
[WhiteElo "2200"]
[BlackElo "2090"]
[PlyCount "155"]
[EventDate "2011.03.09"]
[EventType "swiss"]
[EventRounds "9"]
[EventCountry "ISL"]
[SourceTitle "CBM 141 Extra"]
[Source "ChessBase"]
[SourceDate "2011.05.03"]
[SourceVersion "1"]
[SourceVersionDate "2011.05.03"]
[SourceQuality "1"]

1. d4 e6 2. c4 f5 3. Nc3 Nf6 4. g3 Bb4 5. Bg2 0-0 6. a3 Bxc3+ 7. bxc3 d6 8. Nf3 Qe8 9. 0-0 Nbd7 10. Qd3 Qh5 11. Nd2 e5 12. f3 b6 13. a4 Bb7 14. a5 e4 15. Qc2 exf3 16. exf3 Rfe8 17. axb6 axb6 18. Rxa8 Bxa8 19. Nb3 Qf7 20. d5 b5 21. cxb5 Bxd5 22. Nd4 Bc4 23. Rd1 g6 24. Bd2 Nc5 25. Ra1 Rb8 26. Bh6 Qd7 27. Bf1 Bxf1 28. Qa2+ Qf7 29. Qa7 Re8 30. Rxf1 Ne6 31. Be3 Nc5 32. Bd2 Kg7 33. Ra1 Qd7 34. b6 cxb6 35. Qxb6 Nd5 36. Qb1 Ne6 37. Qd3 Nc5 38. Qc4 Ne3 39. Qa2 Qf7 40. Qxf7+ Kxf7 41. Ra7+ Kg8 42. Nc6 Nc4 43. Bh6 Ne5 44. Ne7+ Kh8 45. Nd5 Ned7 46. Be3 Rd8 47. Kg2 Kg8 48. Bxc5 Nxc5 49. Nf6+ Kf8 50. Rxh7 Ne6 51. Kf2 Ng7 52. Ke3 Kf7 53. Nd5 Re8+ 54. Kd2 Re6 55. Nf4 Rf6 56. h4 Kg8 57. Rh6 Kf7 58. Ke3 Ne6 59. Rh7+ Ng7 60. h5 Kg8 61. hxg6 Rxg6 62. Nxg6 Kxh7 63. Ne7 Kh6 64. f4 Kh5 65. Kf3 Kh6 66. Kg2 Kh5 67. Kh3 d5 68. Nxd5 Kg6 69. Kg2 Kf7 70. Kf3 Ke6 71. Ne3 Kd6 72. Ke2 Ke6 73. Kd3 Nh5 74. Nf1 Nf6 75. Kd4 Ne4 76. g4 Nxc3 77. Kxc3 fxg4 78. Ng3 1-0

[Event "Reykjavik op"]
[Site "Reykjavik"]
[Date "2011.03.09"]
[Round "1.23"]
[White "Sveshnikov, Evgeny"]
[Black "Willis, Bradley"]
[Result "1-0"]
[WhiteElo "2527"]
[BlackElo "2090"]
[PlyCount "115"]
[EventDate "2011.03.09"]
[EventType "swiss"]
[EventRounds "9"]
[EventCountry "ISL"]
[SourceTitle "CBM 141 Extra"]
[Source "ChessBase"]
[SourceDate "2011.05.03"]
[SourceVersion "1"]
[SourceVersionDate "2011.05.03"]
[SourceQuality "1"]

1. e4 e6 2. d4 d5 3. e5 c5 4. c3 Nc6 5. Nf3 Bd7 6. Be3 Qc7 7. Be2 c4 8. b3 Na5 9. 0-0 Ne7 10. Bf4 Nc8 11. b4 Nc6 12. a4 f5 13. h4 Nd8 14. Na3 Ne7 15. Nc2 Nf7 16. Qd2 0-0-0 17. b5 h6 18. Rfb1 Qa5 19. Nb4 Be8 20. Qa2 Qc7 21. Bd2 Rg8 22. Nc2 Qd7 23. Bc1 Kb8 24. Ba3 Rc8 25. Bc5 Ng6 26. Bxf8 Nxf8 27. Nb4 Nd8 28. Nd2 Qc7 29. g3 g5 30. hxg5 hxg5 31. Kg2 Rh8 32. Rh1 Nf7 33. Rxh8 Nxh8 34. Qa3 Nhg6 35. Rb1 Ka8 36. Nc2 Qe7 37. Rh1 Qxa3 38. Nxa3 b6 39. Nc2 Rc7 40. Nf3 g4 41. Ng5 Rg7 42. f4 gxf3+ 43. Bxf3 Kb8 44. Nb4 Ne7 45. Rh8 Rg8 46. Rxg8 Nxg8 47. Kf2 Ne7 48. Nh3 a5 49. bxa6 Bxa4 50. Ke3 Nc6 51. Nxc6+ Bxc6 52. Kf4 Be8 53. Kg5 Nh7+ 54. Kh6 Nf8 55. Kg7 Nd7 56. Nf4 Ka7 57. Nxe6 Kxa6 58. Nc7+ 1-0

[Event "Canadian op"]
[Site "Toronto"]
[Date "2010.07.16"]
[Round "7"]
[White "Mulyar, Michael A"]
[Black "Willis, Bradley"]
[Result "1-0"]
[WhiteElo "2405"]
[BlackElo "2093"]
[PlyCount "57"]
[EventDate "2010.07.10"]
[EventType "swiss"]
[EventRounds "9"]
[EventCountry "CAN"]
[SourceTitle "CBM 137 Extra"]
[Source "ChessBase"]
[SourceDate "2010.09.01"]
[SourceVersion "1"]
[SourceVersionDate "2010.09.01"]
[SourceQuality "1"]

1. c4 e6 2. Nf3 f5 3. g3 Nf6 4. Bg2 d5 5. 0-0 Bd6 6. d4 c6 7. Bf4 Bxf4 8. gxf4 b6 9. Nbd2 a5 10. Ne5 0-0 11. Qc2 Qe8 12. Qb3 Ra6 13. Rac1 Kh8 14. Rc2 Bd7 15. cxd5 exd5 16. Ndf3 Qe7 17. Qd3 Ra7 18. Nh4 Kg8 19. Nxf5 Bxf5 20. Qxf5 Rc7 21. e3 c5 22. dxc5 bxc5 23. Ng4 d4 24. Nxf6+ Rxf6 25. Qd5+ Kh8 26. exd4 Nd7 27. dxc5 Nb6 28. Qe4 Re6 29. cxb6 1-0

[Event "Canadian op"]
[Site "Toronto"]
[Date "2010.07.12"]
[Round "3"]
[White "Walton, Alan J"]
[Black "Willis, Bradley"]
[Result "1/2-1/2"]
[WhiteElo "2147"]
[BlackElo "2093"]
[PlyCount "102"]
[EventDate "2010.07.10"]
[EventType "swiss"]
[EventRounds "9"]
[EventCountry "CAN"]
[SourceTitle "CBM 137 Extra"]
[Source "ChessBase"]
[SourceDate "2010.09.01"]
[SourceVersion "1"]
[SourceVersionDate "2010.09.01"]
[SourceQuality "1"]

1. d4 e6 2. e4 d5 3. e5 c5 4. c3 Nc6 5. Nf3 Qb6 6. a3 Nh6 7. b4 cxd4 8. cxd4 Nf5 9. Bb2 Bd7 10. g4 Nfe7 11. Bd3 Ng6 12. Qd2 Be7 13. h4 0-0-0 14. h5 Nf8 15. Bc3 a6 16. Qb2 Kb8 17. Nbd2 Rc8 18. 0-0 Na7 19. a4 Rxc3 20. Qxc3 Bxb4 21. Qb2 a5 22. Nb3 Be8 23. Rfb1 Qc7 24. Rc1 Qe7 25. Bb5 Nd7 26. Qc2 Nb6 27. Bxe8 Rxe8 28. Qxh7 Qf8 29. Kg2 Re7 30. Nc5 Nc4 31. Nd3 Nc6 32. Nf4 Nd2 33. Qd3 Ne4 34. Qb5 Nc3 35. Qb6 Rc7 36. Nd3 Na7 37. Nc5 Rxc5 38. Qd6+ Qxd6 39. exd6 Rc6 40. Ne5 Rxd6 41. Nxf7 Rd7 42. Ne5 Rc7 43. g5 Nc6 44. Nxc6+ bxc6 45. Rh1 Ne2 46. h6 gxh6 47. gxh6 Rh7 48. Rad1 Bc3 49. Kf1 Nf4 50. Rh4 Ng6 51. Rh2 Nf4 1/2-1/2